01088 a2200217 45000010006000000050017000060080041000230030015000640400040000790800048001192450064001670200022002312640033002533000027002865050361003130410008006741000041006827000023007237000025007468560099007715904220260407155845.0260407a2023 arg spa dAR-UNSa-BCEJYS aAR-UNSa-BCEJYSbspacAR-UNSa-BCEJYS a657:338.58xContabilidad Social y Ambiental10aContabilidad social y ambientalpUn giro hacia el bienestar a978-987-03-4497-1 1aBuenos Aires :bLa Leyc2023 axxviii, 291 p.c24 cm. a1. Desarrollo sostenible y responsabilidad social - 2. La disciplina contable frente al paradigma del desarrollo sostenible – 3. Iniciativas voluntarias e internacionales para demostrar la posición de las empresas con respecto a su compromiso con la RS – 4. Marco legal social y ambiental argentino – 5. Gobierno corporativo – 6. Bienes naturales aspa1 aPahlen Acuña, Ricardo Jose María1 aCampo, Ana María1 aD´onofrio, Paula A.41uhttps://www.biblioeco.unsa.edu.ar/pmb/images/libros/L128942.jpgyImagen de portadaqimage/jpeg